000 00415 a2200121 4500
020 _a3794905385
920 _a379490538-5
100 1 _aPooch, Heinz.
_eAutor
700 1 _aSeiler, Bernd.
_eAutor
245 0 _aTaschenbuch der Telekom-Praxis 1992 /
_cPooch Heinz, Seiler Bernd.
710 2 _aFachverlag Schiele und Schoen.
_eWydawca
_4pbl
260 _aBerlin :
_bFachverlag Schiele und Schoen,
_c1992.
300 _aXVI, 508 s.:
_bil.;
_c16 cm.
999 _c2138
_d2138